000 00253nam a22001097a 4500
008 170118b xxu||||| |||| 00| 0 eng d
020 _a9780833076977
041 _aeng
080 _a618.2
245 _a"OVER NOT THROUGH"
_cTHORNHILL, P.G
942 _2udc
_cBK
999 _c3080
_d3080